000 03401cam0 2200625 ib4500
001 BY-HO0027-br22282
005 20260214125359.0
010 ^a5-300-00725-0
010 ^a5-300-01153-3 (Т. 5)
^bв переплёте
^d900 р.
100 ^a20211213d1997 m y0rusy50 ca
101 0 ^arus
102 ^aRU
105 ^aa z 000ay
109 ^ama
200 1 ^aРоманы
^aПовести
^f[примечания С. М. Петрова]
210 ^d1997
215 ^a574, [1] с.
^cил.
^d21 см.
320 ^aБиблиография в подстрочных примечаниях
327 1 ^aСодержание: романы и повести: Арап Петра Великого ; Повести покойного Ивана Петровича Белкина ; История села Горюхина ; Рославлев ; Дубровский ; Пиковая дама ; Кирджали ; Египетские ночи ; Капитанская дочка ; Путешествие в Арзрум во время похода 1829 ; Незавершенные произведения, отрывки, наброски ; Из ранних редакций
461 1 ^12001
^aСобрание сочинений
^eв 10 т.
^fА. С. Пушкин
^gхудожник А. Митрофанов
^vТ. 5
^1210
^aМосква
^cТерра
^d1996 ―
464 1 ^12001
^aАрап Петра Великого
464 1 ^12001
^aПовести покойного Ивана Петровича Белкина
464 1 ^12001
^aИстория села Горюхина
464 1 ^12001
^aРославлев
464 1 ^12001
^aДубровский
464 1 ^12001
^aПиковая дама
464 1 ^12001
^aКирджали
464 1 ^12001
^aЕгипетские ночи
464 1 ^12001
^aКапитанская дочка
464 1 ^12001
^aПутешествие в Арзрум во время похода 1829
608 ^3BY-NLB-ar92012
^aРОМАН
^2BYGNR
608 ^3BY-NLB-ar23936
^aПОВЕСТЬ
^2BYGNR
686 ^a84(2=Рус)1
^2rubbk
690 ^a1
^2Base
^9BY-HO0027
^xRSEK
700 1 ^3BY-NLB-ar130495
^aПушкин
^bА. С.
^gАлександр Сергеевич
^cписатель
^f1799—1837
^4070
702 1 ^3BY-SEK-333907
^aПетров
^bС. М.
^4080
702 1 ^3BY-SEK-280494
^aМитрофанов
^bА.
^4040
801 0 ^aBY
^bBY-HO0027
^c20211213
^gRCR
801 1 ^aBY
^bBY-HO0027
^c20260214
^gRCR
035 ^a(BY-HO0027)BY-HO0027-br22282
899 0 ^aBY-HO0027
^iП 91